Los centros de interés en la escuela

Saved in:
Bibliografiske detaljer
Hovedforfatter: Guillén de Rezzano, Clotilde (Author)
Format: Bog
Sprog:spansk
Udgivet: Buenos Aires Losada 1946
Udgivelse:3a. ed
Serier:Publicaciones de la revista pedagogica. La escuela activa, 3
Fag:
Tags: Tilføj Tag
Ingen Tags, Vær først til at tagge denne postø!

MARC

LEADER 00000nam a2200000 a 4500
001 UCY8644
003 CL-VaPUC
008 950703e19460523AG |||||||||||||||||spa|d
082 0 4 |a 371.39  |b GUI  |2 21 
100 |a Guillén de Rezzano, Clotilde  |e author  |9 374252 
245 1 4 |a Los centros de interés en la escuela 
250 |a 3a. ed 
300 |a 237 p 
942 |c BK 
945 |d 19950703 00:00:00  |a lriquelm 
260 |a Buenos Aires  |b Losada  |c 1946 
650 7 |a METODOS EDUCATIVOS  |2 CL-VaPUC  |9 327403 
650 7 |a SOCIOLOGIA ESTUDIANTIL  |2 CL-VaPUC  |9 338191 
650 7 |a INTERES APRENDIZAJE  |2 CL-VaPUC  |9 340227 
650 0 |a Procesos de aprendizaje  |9 309161 
650 7 |a INTERESES DE LOS ESTUDIANTES  |2 CL-VaPUC  |9 339214 
583 |a last modification  |c 19950703 00:00:00  |k Rodrigo Vera 
490 0 |a Publicaciones de la revista pedagogica. La escuela activa, 3 
999 |c 235872  |d 235870 
952 |0 0  |1 0  |4 0  |6 371_390000000000000_GUI_1946  |7 0  |8 P  |9 243561  |a BIBEDU  |b BIBEDU  |c BIBEDU_PB  |d 2019-11-18  |i 1527134  |o 371.39 GUI 1946  |p 1527134  |r 2024-01-25  |w 2019-11-18  |y BK  |k EDU